A Step To Start With C Programming/ (Record no. 207396)

MARC details
000 -LEADER
fixed length control field 00682nam a22002177a 4500
005 - DATE AND TIME OF LATEST TRANSACTION
control field 20241204120131.0
010 ## - LCCN (DPL NO)
LC control number ENG-142828
020 ## - INTERNATIONAL STANDARD BOOK NUMBER
Terms of availability 420.00
International Standard Book Number 9789394899384
035 ## - SYSTEM CONTROL NUMBER
System control number EN-126360
037 ## - SOURCE OF ACQUISITION
Source of stock number/acquisition DBAD
082 ## - DEWEY DECIMAL CLASSIFICATION NUMBER
Classification number 005.13
Edition number 1
100 ## - MAIN ENTRY--PERSONAL NAME
Personal name Anitha, P.
245 ## - TITLE STATEMENT
Title A Step To Start With C Programming/
Statement of responsibility, etc by P. Anitha, K. Komala Devi & K. Kavitha
250 ## - EDITION STATEMENT
Edition statement First
260 ## - PUBLICATION, DISTRIBUTION, ETC. (IMPRINT)
Place of publication, distribution, etc Tamil Nadu
Name of publisher, distributor, etc Shanlax Publications
Date of publication, distribution, etc 2022
270 ## - ADDRESS
City Tamil Nadu
Address 61, 66 T. P. K. Main Road, Vasantha Nagar, Madurai,
Postal code 625003
300 ## - PHYSICAL DESCRIPTION
Extent 172p.
Dimensions 25cm(pbk)
700 ## - ADDED ENTRY--PERSONAL NAME
Personal name K. Komala Devi
9 (RLIN) 74657
700 ## - ADDED ENTRY--PERSONAL NAME
Personal name K. Kavitha
9 (RLIN) 74658
942 ## - ADDED ENTRY ELEMENTS (KOHA)
Source of classification or shelving scheme Dewey Decimal Classification
Item type English Books
Classification part 005.13
Call number suffix ANI
Holdings
Withdrawn status Lost status Not for loan Collection code Home library Current library Date acquired Source of acquisition Cost, normal purchase price Full call number Barcode Copy number Cost, replacement price Koha item type
      Non-fiction Sarojini Nagar Sarojini Nagar 04/12/2024 DBAD 420.00 005.13 ANI EN-126360 1 420.00 English Books

© Delhi Public Library
Hit Counter
free hit counter